History of 4Th Bn The Punjab Regiment: (Record no. 608732)

000 -LEADER
fixed length control field 01279nam a22001217a 4500
082 ## - DEWEY DECIMAL CLASSIFICATION NUMBER
Classification number 355.10954,AZF
100 ## - MAIN ENTRY--PERSONAL NAME
Personal name Azhar, Lt.Col Azfar Mehmood
9 (RLIN) 122187
245 ## - TITLE STATEMENT
Title History of 4Th Bn The Punjab Regiment:
Remainder of title Beasi Raised-1788
Statement of responsibility, etc. Lt. Col Azfar Mehmood Azhar
260 ## - PUBLICATION, DISTRIBUTION, ETC.
Date of publication, distribution, etc. 1788-1994
300 ## - PHYSICAL DESCRIPTION
Extent viii,216 p.;
505 ## - FORMATTED CONTENTS NOTE
Formatted contents note Acknowledgement (Page-vi), Introduction (Page-Vii), The Birth of the Battalion (page-1), First World War (1914-1945) (Page-5), Second World War (1939-1945) (Page-13), India-Pakistan Partition 1947 (Page-18), Indo- Pakistan War (September 1965) (Page-25), Attack on Village Pakka (Page-29), Battle of Chananwala (Page-32), War Heroes 1965(Page-42), Events Between Indo-PAk 65 and 71 Wars (Page-45), Preclude to Indo-Pak War 1971 (Page-47), Capture of Mandiala (North) (Page-53), Capture of and Barsala (Page-60), Attack on Pallanwala (Page-64), Ware Heroes 1971 (Page-75), Aftermath (Page-78), Bi-Centenary (1788-1988) (Page-83), Son of the Battalion (Page-94), Chacha Fakhra (Page-99), Battalion Titles (Page-101), The Classes and Uniforms (Page-103), Battle Honours (1788-1947) (Page-105), British Awards (Page-106), Commanding Officers 1947-1994 (Page-107), General Officer 4 Punjab (Page-128), Conclusion (Page-158).
942 ## - ADDED ENTRY ELEMENTS (KOHA)
Source of classification or shelving scheme
Koha item type Book
Call number prefix 355.10954,AZF

No items available.

© 2023 Central Library, National University of Sciences and Technology. All Rights Reserved.